000 00434nam a2200145Ia 4500
008 150610s9999 xx 000 0 und d
020 _a9710858335
050 _aB29
_b.M66 1994   
100 _aMontemayor, Felix M.
245 _aEthics:
_bthe philosophy of life /
_cFelix M. Montemayor.
260 _aMandaluyong City :
_bNational Book Store,
_c1994.
300 _a240pages ;
_c23 cm.
520 _aPhilosophy.
650 _xEthics.
999 _c288193
_d288193